| 000 | 00876nam a22002177a 4500 | ||
|---|---|---|---|
| 999 |
_c3650 _d3650 |
||
| 003 | AR-CdUCM | ||
| 008 | 190307b ||||| |||| 00| 0 spa d | ||
| 040 |
_aMUNICIPALIDAD PROVINCIAL DEL CUSCO _cBIBLIOTECA MUNICIPAL DEL CUSCO |
||
| 082 |
_a321.4 / _bO73 |
||
| 100 |
_aOrtiz de Zevallos, Javier _911886 |
||
| 245 |
_aLa democracia peruana presenta pruebas : _bante el tribunal de la opinión pública / |
||
| 260 |
_aLima : _bGrafital, _c1976. |
||
| 300 |
_a366 páginas ; _bFotografías, _c21 cm. |
||
| 505 | _aContenido: El tribunal democrático de 1956 -- Significado político del gobierno de Manuel Prado -- Ubicación e ideología -- Obra de la democracia -- Política internacional... | ||
| 650 |
_aDemocracia. _92598 |
||
| 650 |
_aPerú. _935 |
||
| 650 |
_aManuel Prado. _911887 |
||
| 650 |
_aGolpe militar. _911888 |
||
| 942 |
_2ddc _cLIBROS |
||
| 945 |
_awfj _d2019-03-07 |
||